[Event "NATO-ch 28th"]
[Site "Budapest"]
[Date "2017.03.31"]
[Round "7"]
[White "Nilsson, Erik"]
[Black "Liptay, Laszlo"]
[Result "1/2-1/2"]
[WhiteElo "2052"]
[BlackElo "2320"]
[PlyCount "29"]
[EventDate "2017.03.27"]
[EventType "swiss"]
[EventRounds "7"]
[EventCountry "HUN"]
[SourceTitle "CBM 177 Extra"]
[Source "ChessBase"]
[SourceDate "2017.04.27"]
[SourceVersion "1"]
[SourceVersionDate "2017.04.27"]
[SourceQuality "1"]

1. d4 Nf6 2. c4 g6 3. Nc3 d5 4. Nf3 Bg7 5. Bf4 c5 6. dxc5 Qa5 7. cxd5 Nxd5 8. Qxd5 Bxc3+ 9. Bd2 Be6 10. Qxb7 Bxd2+ 11. Nxd2 0-0 12. b4 Qa4 13. e3 Rd8 14. a3 Qc2 15. Rd1 1/2-1/2

[Event "HUN-chT2 Erkel 1415"]
[Site "Hungary"]
[Date "2015.03.01"]
[Round "7.4"]
[White "Marosi, Levente"]
[Black "Liptay, Laszlo"]
[Result "0-1"]
[WhiteElo "2185"]
[BlackElo "2329"]
[PlyCount "122"]
[EventDate "2014.09.28"]
[EventType "team-tourn"]
[EventRounds "9"]
[EventCountry "HUN"]
[SourceTitle "EXT 2016"]
[Source "ChessBase"]
[SourceDate "2015.10.08"]
[SourceVersion "1"]
[SourceVersionDate "2015.10.08"]
[SourceQuality "1"]
[WhiteTeam "Budapest MTK"]
[BlackTeam "HASE"]
[WhiteTeamCountry "HUN"]
[BlackTeamCountry "HUN"]

1. e4 c5 2. c3 Nf6 3. e5 Nd5 4. Nf3 e6 5. Bc4 d6 6. exd6 Bxd6 7. 0-0 0-0 8. d4 cxd4 9. cxd4 Bf4 10. Nc3 Bxc1 11. Rxc1 Nc6 12. Re1 Nde7 13. Bd3 Ng6 14. Be4 Bd7 15. Na4 Rc8 16. Nc5 b6 17. Nxd7 Qxd7 18. Qa4 Nge7 19. Rc3 Nb8 20. Qa3 Rxc3 21. bxc3 Nbc6 22. c4 Rd8 23. Rd1 Qd6 24. Qe3 e5 25. Qd3 Nxd4 26. Bxh7+ Kf8 27. Nxd4 Qxd4 28. Qxd4 exd4 29. Be4 f5 30. Bd3 Kf7 31. Re1 Kf6 32. f4 Nc6 33. a3 Rc8 34. Re2 g6 35. Kf2 Na5 36. Rc2 Nb3 37. Rb2 Nc5 38. Bb1 Ne4+ 39. Kf3 Rxc4 40. Bxe4 Rc3+ 41. Ke2 fxe4 42. Rb4 Re3+ 43. Kf2 Rd3 44. g3 Rd2+ 45. Ke1 e3 46. g4 d3 47. Re4 Re2+ 48. Kd1 b5 49. h4 a5 50. Rd4 Rd2+ 51. Kc1 b4 52. axb4 axb4 53. Rxb4 Rc2+ 54. Kb1 e2 55. Re4 d2 56. Kxc2 d1Q+ 57. Kc3 e1Q+ 58. Rxe1 Qxe1+ 59. Kd3 Qxh4 60. g5+ Kf5 61. Ke2 Kxf4 0-1

[Event "HUN-chT2 Erkel 1314"]
[Site "Hungary"]
[Date "2014.04.13"]
[Round "10.3"]
[White "Franchini, Gabriele"]
[Black "Liptay, Laszlo"]
[Result "1/2-1/2"]
[WhiteElo "2134"]
[BlackElo "2329"]
[PlyCount "40"]
[EventDate "2013.09.08"]
[EventType "team-tourn"]
[EventRounds "11"]
[EventCountry "HUN"]
[SourceTitle "EXT 2016"]
[Source "ChessBase"]
[SourceDate "2015.10.08"]
[SourceVersion "1"]
[SourceVersionDate "2015.10.08"]
[SourceQuality "1"]
[WhiteTeam "Budapest MAFC"]
[BlackTeam "Budapest Honved"]
[WhiteTeamCountry "HUN"]
[BlackTeamCountry "HUN"]

1. e4 c5 2. Nf3 Nc6 3. Bb5 g6 4. 0-0 Bg7 5. Bxc6 dxc6 6. d3 Bg4 7. h3 Bxf3 8. Qxf3 Nf6 9. Nc3 0-0 10. Be3 Nd7 11. Qe2 e5 12. a3 a5 13. a4 Qe7 14. Rae1 Qe6 15. f4 exf4 16. Bxf4 Ne5 17. Kh1 Rad8 18. Be3 b6 19. Qf2 Rd7 20. Qh4 Qe7 1/2-1/2

[Event "Budapest-chT1 Lilienthal 1213"]
[Site "Budapest"]
[Date "2013.02.03"]
[Round "7"]
[White "Liptay, Laszlo"]
[Black "Krizsany, Laszlo"]
[Result "0-1"]
[WhiteElo "2328"]
[BlackElo "2440"]
[PlyCount "112"]
[EventDate "2012.09.30"]
[EventType "team-tourn"]
[EventRounds "11"]
[EventCountry "HUN"]
[SourceTitle "EXT 2019"]
[Source "ChessBase"]
[SourceDate "2018.10.10"]
[SourceVersion "1"]
[SourceVersionDate "2018.10.10"]
[SourceQuality "1"]
[WhiteTeam "Budapest Honved"]
[BlackTeam "Budapest REAC SISE"]
[WhiteTeamCountry "HUN"]
[BlackTeamCountry "HUN"]

1. d4 f5 2. Nf3 Nf6 3. g3 g6 4. Bg2 Bg7 5. 0-0 0-0 6. c4 d6 7. Nc3 Qe8 8. b3 e5 9. dxe5 dxe5 10. e4 Nc6 11. Nd5 Qd7 12. Ba3 Rd8 13. Qc2 Nxe4 14. Rad1 Nd6 15. c5 Ne4 16. Nf6+ Bxf6 17. Rxd7 Bxd7 18. Qc4+ Kg7 19. Bb2 Re8 20. a3 Be6 21. Qc2 Rad8 22. b4 a6 23. Re1 Bd5 24. Rd1 Bf7 25. Nd2 Nxd2 26. Bxc6 Bb3 27. Qc3 Bxd1 28. Bxe8 Nf3+ 29. Kg2 Rxe8 30. c6 b5 31. Qc5 Ng5 32. f4 Bf3+ 33. Kf1 Nf7 34. Kf2 Be4 35. Qa7 Re7 36. Qxa6 Nd6 37. a4 bxa4 38. Qxa4 exf4 39. Bxf6+ Kxf6 40. gxf4 Bd5 41. b5 Re4 42. Qa1+ Ke6 43. Qg7 Rxf4+ 44. Ke3 Re4+ 45. Kd3 Bc4+ 46. Kc3 Nxb5+ 47. Kb4 Be2+ 48. Kc5 g5 49. h4 Re5+ 50. Kb4 gxh4 51. Qxh7 Kd5 52. Qd7+ Ke4 53. Qh7 Ke3 54. Qh6+ f4 55. Qxh4 Nd4 56. Qf6 Re6 0-1

[Event "HUN-chT 1112"]
[Site "Hungary"]
[Date "2011.11.13"]
[Round "3"]
[White "Fodor, Tamas Jr"]
[Black "Liptay, Laszlo"]
[Result "1/2-1/2"]
[WhiteElo "2476"]
[BlackElo "2335"]
[PlyCount "36"]
[EventDate "2011.09.25"]
[EventType "team-tourn"]
[EventRounds "11"]
[EventCountry "HUN"]
[SourceTitle "EXT 2012"]
[Source "ChessBase"]
[SourceDate "2011.11.24"]
[SourceVersion "1"]
[SourceVersionDate "2011.11.24"]
[SourceQuality "1"]
[WhiteTeam "Paks"]
[BlackTeam "Honved"]
[WhiteTeamCountry "HUN"]
[BlackTeamCountry "HUN"]

1. Nf3 c5 2. c4 g6 3. g3 Bg7 4. Bg2 Nc6 5. 0-0 e6 6. Nc3 Nge7 7. d3 d5 8. cxd5 exd5 9. Bd2 0-0 10. Qc1 b6 11. Bh6 d4 12. Nb5 Be6 13. Bxg7 Kxg7 14. Ng5 Bd5 15. Ne4 a6 16. Na3 h6 17. Nc2 f5 18. Nd2 Bxg2 1/2-1/2

[Event "HUN-chT 1011"]
[Site "Hungary"]
[Date "2011.03.27"]
[Round "7"]
[White "Liptay, Laszlo"]
[Black "Gara, Anita"]
[Result "1/2-1/2"]
[WhiteElo "2346"]
[BlackElo "2382"]
[PlyCount "49"]
[EventDate "2010.10.10"]
[EventType "team-tourn"]
[EventRounds "11"]
[EventCountry "HUN"]
[SourceTitle "EXT 2012"]
[Source "ChessBase"]
[SourceDate "2011.11.24"]
[SourceVersion "1"]
[SourceVersionDate "2011.11.24"]
[SourceQuality "1"]
[WhiteTeam "Honved"]
[BlackTeam "Penzugyor"]
[WhiteTeamCountry "HUN"]
[BlackTeamCountry "HUN"]

1. d4 e6 2. c4 b6 3. e4 Bb7 4. Nc3 Bb4 5. f3 f5 6. exf5 Nh6 7. fxe6 Nf5 8. Bf4 dxe6 9. Nge2 0-0 10. Qd2 Nc6 11. 0-0-0 Na5 12. Qd3 Ba6 13. b3 Qe7 14. Ne4 Ba3+ 15. Kb1 Bxc4 16. Qc2 Bxe2 17. Bxe2 h6 18. Qxc7 Qb4 19. Qc3 Qe7 20. Ba6 Rad8 21. Be5 Bb4 22. Qc1 Ba3 23. Qc3 Bb4 24. Qc1 Ba3 25. Qc3 1/2-1/2

[Event "HUN-chT 1011"]
[Site "Hungary"]
[Date "2010.12.05"]
[Round "4"]
[White "Liptay, Laszlo"]
[Black "Schneider, Veronika"]
[Result "1/2-1/2"]
[WhiteElo "2346"]
[BlackElo "2251"]
[PlyCount "66"]
[EventDate "2010.10.10"]
[EventType "team-tourn"]
[EventRounds "11"]
[EventCountry "HUN"]
[SourceTitle "EXT 2012"]
[Source "ChessBase"]
[SourceDate "2011.11.24"]
[SourceVersion "1"]
[SourceVersionDate "2011.11.24"]
[SourceQuality "1"]
[WhiteTeam "Honved"]
[BlackTeam "Kazincbarcika"]
[WhiteTeamCountry "HUN"]
[BlackTeamCountry "HUN"]

1. d4 Nf6 2. c4 g6 3. g3 c6 4. Nf3 Bg7 5. Bg2 d5 6. Nbd2 0-0 7. 0-0 a5 8. b3 Na6 9. Bb2 Bd7 10. Ne5 Rc8 11. e4 dxe4 12. Nxe4 Nxe4 13. Bxe4 Bh3 14. Re1 f6 15. Nd3 Qd7 16. Nf4 Rfe8 17. Qd2 Bh6 18. Bc1 e5 19. dxe5 Qxd2 20. Bxd2 fxe5 21. Nxh3 Bxd2 22. Re2 Rcd8 23. Kg2 Nc5 24. Ng1 Rd4 25. Bc2 e4 26. Rd1 Red8 27. f3 e3 28. f4 Na6 29. Nf3 R4d6 30. Nxd2 exd2 31. Kf2 Kf7 32. Ke3 Re8+ 33. Kf2 Red8 1/2-1/2

[Event "HUN-chT 0910"]
[Site "Hungary"]
[Date "2010.05.02"]
[Round "11"]
[White "Liptay, Laszlo"]
[Black "Schneider, Veronika"]
[Result "1-0"]
[WhiteElo "2333"]
[BlackElo "2315"]
[PlyCount "161"]
[EventDate "2009.11.08"]
[EventType "team-tourn"]
[EventRounds "11"]
[EventCountry "HUN"]
[SourceTitle "EXT 2011"]
[Source "ChessBase"]
[SourceDate "2010.11.26"]
[SourceVersion "1"]
[SourceVersionDate "2010.11.26"]
[SourceQuality "1"]
[WhiteTeam "Honved"]
[BlackTeam "BEAC"]
[WhiteTeamCountry "HUN"]
[BlackTeamCountry "HUN"]

1. d4 Nf6 2. c4 g6 3. g3 c5 4. d5 d6 5. Nc3 Bg7 6. Bg2 e6 7. Nf3 exd5 8. cxd5 0-0 9. 0-0 Re8 10. Bf4 a6 11. a4 b6 12. Nd2 Nh5 13. Be3 f5 14. Nc4 Qc7 15. Qd2 Nd7 16. Bh6 Ne5 17. Nxe5 Bxe5 18. e4 Nf6 19. exf5 Bxf5 20. h3 Qf7 21. g4 Bd7 22. Ne2 b5 23. f4 Bd4+ 24. Nxd4 cxd4 25. Qxd4 Rac8 26. Bg5 Kg7 27. Rac1 Rf8 28. Bh4 Kg8 29. Rxc8 Bxc8 30. axb5 axb5 31. Rc1 Nd7 32. Rc6 Bb7 33. Rxd6 Ra8 34. Re6 Ra1+ 35. Kh2 Ra4 36. Qe3 Qxf4+ 37. Qxf4 Rxf4 38. Kg3 Rf7 39. Re3 Nb6 40. Rb3 Bxd5 41. Bxd5 Nxd5 42. Rxb5 Ne3 43. Bg5 Nc4 44. Bf4 Rd7 45. b3 Nd2 46. Rb8+ Kf7 47. b4 Rd3+ 48. Kg2 Nf3 49. Rb7+ Kf6 50. Rxh7 g5 51. Bg3 Rb3 52. Rh6+ Kf7 53. b5 Nd4 54. b6 Ne6 55. Rh7+ Kg6 56. Rb7 Rb2+ 57. Kf1 Nc5 58. Rc7 Ne4 59. Rc6+ Kf7 60. Be5 Rb5 61. Bd4 Ke7 62. Ke2 Kd7 63. Rg6 Nd6 64. Be3 Nf7 65. Rf6 Nd6 66. Rh6 Nf7 67. Rh5 Ke6 68. h4 Rb2+ 69. Kd3 gxh4 70. Rxh4 Rb3+ 71. Ke2 Kf6 72. Rh5 Rb2+ 73. Kd3 Rb3+ 74. Ke4 Nd6+ 75. Kd5 Rd3+ 76. Bd4+ Ke7 77. Rh7+ Nf7 78. b7 Rb3 79. Kc6 Ke6 80. Rxf7 Kxf7 81. Bb6 1-0

[Event "HUN-chT2 Charousek 0809"]
[Site "Hungary"]
[Date "2009.04.19"]
[Round "11"]
[White "Juracsik, Jozsef"]
[Black "Liptay, Laszlo"]
[Result "1/2-1/2"]
[WhiteElo "2262"]
[BlackElo "2341"]
[PlyCount "66"]
[EventDate "2008.10.26"]
[EventType "team-tourn"]
[EventRounds "11"]
[EventCountry "HUN"]
[SourceTitle "EXT 2010"]
[Source "ChessBase"]
[SourceDate "2010.11.25"]
[SourceVersion "1"]
[SourceVersionDate "2010.11.25"]
[SourceQuality "1"]
[WhiteTeam "Tapolca"]
[BlackTeam "Honved"]
[WhiteTeamCountry "HUN"]
[BlackTeamCountry "HUN"]

1. e4 c5 2. Nc3 Nc6 3. d3 g6 4. Be3 d6 5. Qd2 Bg7 6. g3 Rb8 7. Bg2 Nd4 8. Nd1 e5 9. c3 Ne6 10. Ne2 Ne7 11. d4 0-0 12. d5 Nc7 13. Bh6 Bxh6 14. Qxh6 Kh8 15. Qd2 Ne8 16. 0-0 f5 17. c4 fxe4 18. Ndc3 Nf6 19. Nxe4 Nxe4 20. Bxe4 Bh3 21. Bg2 Bxg2 22. Kxg2 Nf5 23. Nc3 Qa5 24. Rae1 Rbe8 25. Kh1 Nd4 26. f4 Qd8 27. fxe5 Nf3 28. Rxf3 Rxf3 29. e6 Qf6 30. Ne4 Rf1+ 31. Kg2 Qf3+ 32. Kh3 Qh5+ 33. Kg2 Qf3+ 1/2-1/2

[Event "HUN-chT 0708"]
[Site "Hungary"]
[Date "2008.03.30"]
[Round "9"]
[White "Liptay, Laszlo"]
[Black "Lorincz, Istvan"]
[Result "0-1"]
[WhiteElo "2351"]
[BlackElo "2315"]
[PlyCount "80"]
[EventDate "2007.10.14"]
[EventType "team"]
[EventRounds "11"]
[EventCountry "HUN"]
[SourceTitle "EXT 2009"]
[Source "ChessBase"]
[SourceDate "2008.11.26"]
[SourceVersion "1"]
[SourceVersionDate "2008.11.26"]
[SourceQuality "1"]
[WhiteTeam "Honved"]
[BlackTeam "Statisztika"]
[WhiteTeamCountry "HUN"]
[BlackTeamCountry "HUN"]

1. d4 Nf6 2. c4 e6 3. g3 Bb4+ 4. Bd2 c5 5. Bxb4 cxb4 6. Bg2 0-0 7. Nf3 Qc7 8. Nbd2 d6 9. a3 bxa3 10. Rxa3 b6 11. 0-0 Bb7 12. Qb1 Nbd7 13. e4 a5 14. Nh4 e5 15. d5 g6 16. f4 Nh5 17. Qd1 Ba6 18. Qg4 b5 19. Bh3 bxc4 20. Qxd7 Qb6+ 21. Rf2 exf4 22. Qc6 Qxb2 23. Raf3 Bb5 24. Nf1 Qxf2+ 25. Kxf2 Bxc6 26. dxc6 f5 27. exf5 g5 28. Ng2 Nf6 29. Nd2 d5 30. gxf4 g4 31. Rg3 c3 32. Bxg4 cxd2 33. Bd1+ Kh8 34. Rd3 a4 35. Ra3 Ne4+ 36. Kf3 Rfc8 37. Ne3 Rxc6 38. Nxd5 Rc1 39. Rxa4 Rxa4 40. Bxa4 Nc5 0-1